01294nam a2200277 a 4500999001500000001000600015003000900021005001700030008004100047040003300088082001900121100001900140245007300159250001700232260003800249300002800287650003900315650004000354700002500394942001200419952011700431952011700548952011700665952011700782952011700899 c1032d103215704BD-DhUAP20200202110534.0200202s2007 pk b 000 0 eng d aDLCcDLCdDLCdBD-DhUAPbEng00a342.41 WAD2231 aWade, E. C. S.10aEnglish constitutional law /cE. C. S. Wade and G. Godfrey Phillips. aNew rev. ed. aLahore :bPLD Publishers,cc2007. avi, 235 pages ;c24 cm. 0aConstitutional lawzGreat Britain. 0a Administrative lawzGreat Britain.1 aPhillips, G. Godfre. 2ddccBK 00102ddc4070aUAPCLbUAPCLcGeneral Stacksd2020-02-02o342.41 WADp3010015704r2020-02-02t1w2020-02-02yBK 00102ddc4070aUAPCLbUAPCLcGeneral Stacksd2020-02-02o342.41 WADp3010015539r2020-02-02t2w2020-02-02yBK 00102ddc4070aUAPCLbUAPCLcGeneral Stacksd2020-02-02o342.41 WADp3010015538r2020-02-02t3w2020-02-02yBK 00102ddc4070aUAPCLbUAPCLcGeneral Stacksd2020-02-02o342.41 WADp3010012803r2020-12-30t4w2020-02-02yBK 00102ddc4070aUAPCLbUAPCLcGeneral Stacksd2020-02-02o342.41 WADp3010013291r2020-12-30t5w2020-02-02yBK